000 00504nam a2200181Ia 4500
008 151018s9999 xx 000 0 und d
082 _bRBASDV38244
_a891.463
100 _aमोहन रावल
245 _aटणटणाटण
250 _b1
260 _bअजब प्रकाशन
_c2005
300 _a96
600 _aमोहन रावल
630 _aटणटणाटण
700 _aमोहन रावल
730 _aटणटणाटण
942 _cBOOK
999 _c1037653
_d1037650